| 000 | 00427nam a22001577a 4500 | ||
|---|---|---|---|
| 003 | NUST-PNEC | ||
| 005 | 20170116180712.0 | ||
| 008 | 141015b xxu||||| |||| 00| 0 eng d | ||
| 040 | _cPNEC | ||
| 082 | _a621.471 BHA | ||
| 245 |
_aTextbook of Radiology for Technicians _bSatish K.Bhargava |
||
| 260 |
_aDelhi _bCBS Publishers _cc.1992 |
||
| 300 |
_axi, 227 p. : _bill. : _c29 cm. |
||
| 500 | _aIncludes index. | ||
| 942 |
_2ddc _cBK |
||
| 999 |
_c61037 _d61037 |
||